Personálny manažment (úloha psychológa v PM a vybrané procesy PM)

Kľúčová úloha personálneho manažéra v riadení organizácie. Úlohy psychológie v rámci personálneho manažmentu. Špecifiká jednotlivých úloh psychológa v personálnom riadení (vyhľadávanie pracovníkov, výber pracovníkov). Nedostatočná zapojenosť psychológov do činnosti personálnych oddelení..

Enregistré dans:
Détails bibliographiques
Auteur principal: Ďuriš, Tomáš
Format: Chapitre de livre
Langue:slovaque
Sujets:
Tags: Ajouter un tag
Pas de tags, Soyez le premier à ajouter un tag!

MARC

LEADER 00000naa$a2200000$$$4500
001 0054690
005 20240502071628.8
041 0 |a slo 
044 |a SK 
245 1 0 |a Personálny manažment  |b (úloha psychológa v PM a vybrané procesy PM)  |c Tomáš Ďuriš 
520 |a Kľúčová úloha personálneho manažéra v riadení organizácie. Úlohy psychológie v rámci personálneho manažmentu. Špecifiká jednotlivých úloh psychológa v personálnom riadení (vyhľadávanie pracovníkov, výber pracovníkov). Nedostatočná zapojenosť psychológov do činnosti personálnych oddelení.. 
610 2 0 |a podnik 
610 2 0 |a manažment personálny 
610 2 0 |a psychológia 
610 2 0 |a psychológia riadenia 
100 1 |a Ďuriš, Tomáš